Teoría del Taller
| Format: | Section = Libro |
|---|---|
| Language: | Undetermined Spanish |
| Published: |
Barcelona
Gustavo Gili
1975
|
| Subjects: |
| LEADER | 00448nam a2200181Ia 4500 | ||
|---|---|---|---|
| 008 | 240829s9999 xx 000 0 und d | ||
| 020 | |a 84-252-0275-2 | ||
| 040 | |a BIBLIOTECA-RUPAP 621.9 H521 | ||
| 041 | |a spa | ||
| 082 | |a 621.9 H521 | ||
| 245 | 1 | 0 | |a Teoría del Taller |
| 260 | |a Barcelona |b Gustavo Gili |c 1975 | ||
| 300 | |a 577 p. :il. | ||
| 650 | 7 | |a TALLER | |
| 650 | 7 | |b INGENIERIA MECANICA. I. Tít. | |
| 942 | |c BK |2 ddc | ||
| 991 | |a TEXTO | ||
| 999 | |c 9377 | ||